LEADER 00783nam0-22002891i-450- 001 990006258510403321 005 19980601 035 $a000625851 035 $aFED01000625851 035 $a(Aleph)000625851FED01 035 $a000625851 100 $a19980601d1954----km-y0itay50------ba 105 $a--------00-yy 200 1 $aRecensioni$fAldo Cessari. 210 $aMilano,Varese$cIstituto Edit. Cisalpino ,$d1954 215 $a4 p.$d24 cm 463 $d$1200$aRivista "Temi", n. 1 gennaio-febbraio 1954 676 $a344.01 700 1$aCessari,$bAldo$0229846 801 0$aIT$bUNINA$gRICA$2UNIMARC 901 $aBK 912 $a990006258510403321 952 $aBUSTA 41 (7) 4$b92642$fFGBC 959 $aFGBC 996 $aRecensioni$9638172 997 $aUNINA DB $aGIU01 LEADER 01520oam 2200397 a 450 001 9910697098503321 005 20230902161903.0 035 $a(CKB)5470000002383912 035 $a(OCoLC)467436982 035 $a(EXLCZ)995470000002383912 100 $a20091119d2009 ua 0 101 0 $aeng 135 $aurmn||||||||| 181 $ctxt$2rdacontent 182 $cc$2rdamedia 183 $acr$2rdacarrier 200 10$aHomeland Security$b[electronic resource] $egreater attention to key practices would improve the Federal Protective Service's approach to facility protection : report to the Chairman, Committee on Homeland Security, House of Representatives 210 1$a[Washington, D.C.] :$cU.S. Govt. Accountability Office,$d[2009] 215 $a1 online resource (ii, 52 pages) $cillustrations 300 $aTitle from PDF title screen (GAO, viewed Nov. 19, 2009). 300 $a"October 2009." 300 $a"GAO-10-142." 320 $aIncludes bibliographical references. 517 $aHomeland Security 606 $aGovernment property$xSecurity measures$zUnited States 606 $aPublic buildings$xSecurity measures$zUnited States 615 0$aGovernment property$xSecurity measures 615 0$aPublic buildings$xSecurity measures 712 02$aUnited States.$bCongress.$bHouse.$bCommittee on Homeland Security. 801 0$bDID 801 1$bDID 801 2$bGPO 906 $aBOOK 912 $a9910697098503321 996 $aHomeland Security$91686681 997 $aUNINA